Five Go To Mystery Moor (Record no. 573117)

MARC details
000 -LEADER
fixed length control field 00356nam a22001457a 4500
008 - FIXED-LENGTH DATA ELEMENTS--GENERAL INFORMATION
fixed length control field 250620b |||||||| |||| 00| 0 eng d
020 ## - INTERNATIONAL STANDARD BOOK NUMBER
ISBN 9780340894668
Paper back/Hardbound pbk
082 ## - DEWEY DECIMAL CLASSIFICATION NUMBER
Classification number 823.912
Item number BLY
100 ## - MAIN ENTRY--AUTHOR NAME
Personal name Blyton Enid
245 ## - TITLE STATEMENT
Title Five Go To Mystery Moor
260 ## - PUBLICATION, DISTRIBUTION, ETC. (IMPRINT)
Place of publication Mainpel
Name of publisher hachette
Year of publication 1954
300 ## - PHYSICAL DESCRIPTION
Number of Pages 168
942 ## - ADDED ENTRY ELEMENTS (KOHA)
Koha item type English Books
Holdings
Withdrawn status Lost status Damaged status Not for loan Home library Current library Shelving location Date acquired Full call number Accession Number Price effective from Koha item type
        Anna Centenary Library Anna Centenary Library CHILDREN SECTION-1ST FLOOR, B WING 18.04.2018 823.912 BLY 600169 20.06.2025 English Books

Find us on the map